Last Ten Best Pictures Quiz Stats

 Plays Quiz Updated Mar 5, 2018

Challenge
Share
Tweet
Embed
Score 0/10 Timer 02:00
1 Play Today
% Correct
Moonlight
85%
Spotlight
70.8%
Birdman or (The Unexpected Virtue of Ignorance)
70.7%
12 Years a Slave
65.4%
The Shape of Water
58.3%
Argo
53.8%
The King's Speech
53.3%
The Artist
47.9%
Slumdog Millionaire
46.5%
The Hurt Locker
45.4%

You're not logged in!

Compare scores with friends on all Sporcle quizzes.
Join for Free
OR
Log In

You Might Also Like...

Show Comments

Extras

Top Quizzes Today


Score Distribution

Your Account Isn't Verified!

In order to create a playlist on Sporcle, you need to verify the email address you used during registration. Go to your Sporcle Settings to finish the process.

Report this User

Report this user for behavior that violates our Community Guidelines.

Details: